000 01229nam0a2200361 4500
001 RU\NLR\bibl\367982
005 20250621162609.0
021 _aRU
_b2002-59380
_92888
035 _a(NLR Aleph) 000362543
090 _a344827
_c344827
100 _a20030206d2002 |||y0rusy50 ca
101 0 _arus
102 _aRU
105 _aa |||||||||
200 1 _aНаша дхарма
_e[Программа духов. возрождения]
_fАлександр Леджинов
210 _aЭлиста
_cСтаврополье
_d2002
215 _a39 с.
_d20
606 0 _aБуддизм
_yКалмыкия
_92285111
_3RU\NLR\auth\661368855
610 0 _aЛамаизм в Калмыкии, Республике
610 0 _aКалмыцко-тибетские религиозные связи
675 _a243
_v3
_zrus
686 _a21.51
_2rugasnti
686 _a86.35
_2rubbk
686 _aЭ35-39(2Р-6Ка)
700 1 _aЛеджинов
_bА. И.
_gАлександр Иванович
_4070
801 0 _aRU
_bRKP
_c20030206
_gPSBO
801 1 _aRU
_bRKP
_c20030206
801 2 _aRU
_bNLR
_c20030422
_grcr
942 _cBOOK
980 _aNB
980 _aNBR